000 00906nam a22002417a 4500
001 4923
003 FISKH
005 20241025102203.0
008 241025b cb ||||| |||| 00| 0 eng d
020 _a9780545279369
040 _aFISKH
_beng
_cFISKH
_dFISKH
050 _aE185.W55
082 _a323.092
100 _aMyers, Walter Dean
245 _aIda B. Wells :
_b Let the Truth Be Told /
_cby Walter Dean Myers : illustrated by Bonnie Christensen
260 _aNew York :
_bScholastic ;
_c2008 .
300 _a37 pages :
_bcolor illustrations ;
_c26 cm .
520 _aAward-winning author Myers tells the story of legendary civil rights figure Ida B. Wells, who fought to make the lives of African Americans better long before the events of the 20th century.
650 _aAfrican Americans
_vnon-fiction
700 _aChristensen, Bonnie
_eillustrator
942 _2ddc
_cBK
_n0
999 _c4923
_d4923